El subdesarrollo esta en la mente: el caso latinoamericano

Na minha lista:
Detalhes bibliográficos
Autor principal: Harrison, Lawrence E (Author)
Formato: Livro
Idioma:espanhol
Publicado em: Buenos Aires REI 1987
Assuntos:
Tags: Adicionar Tag
Sem tags, seja o primeiro a adicionar uma tag!

MARC

LEADER 00000nam a2200000 a 4500
001 UCN3651
003 CL-VaPUC
008 010706e19870000AG |||||||||||||||||spa|d
082 0 4 |a 362.5  |b HAR  |2 21 
100 0 |a Harrison, Lawrence E  |e author  |9 460217 
245 1 3 |a El subdesarrollo esta en la mente: el caso latinoamericano 
300 |a 273 p 
942 |c BK 
945 |d 20010706 00:00:00  |a rbrito 
260 |a Buenos Aires  |b REI  |c 1987 
650 0 |a Pobreza  |9 258652 
650 7 |a PAISES SUBDESARROLLADOS  |2 CL-VaPUC  |9 390454 
650 0 |a Política económica   |9 255029 
650 0 |a Desarrollo económico y social   |9 256320 
651 0 |a América Latina   |9 255027 
651 7 |a NICARAGUA  |2 CL-VaPUC  |9 255394 
651 0 |a Costa Rica   |9 225304 
651 7 |a REPUBLICA DOMINICANA  |2 CL-VaPUC  |9 257737 
651 7 |a HAITI  |2 CL-VaPUC  |9 255724 
651 0 |a Argentina  |9 254888 
583 |a last modification  |c 20010706 00:00:00  |k Rodrigo Vera 
999 |c 296440  |d 296438 
952 |0 0  |1 0  |4 0  |6 362_500000000000000_HAR_1987  |7 0  |8 A  |9 350198  |a BIBGIM  |b BIBGIM  |d 2019-11-20  |i 3613941  |o 362.5 HAR 1987  |p 3613941  |r 2025-01-15  |w 2019-11-20  |y BK  |k ORI